00379 2200157 4500001002100000005001500021035002000036245004300056100001900099300001200118260003500130082000800165084001400173020002200187990001200209INLIS00000000000161620250424114026 a0010-04250000321 aBerani Tidak Disukai /cIchiro Kishimi0 aIchiro Kishimi a323 hlm aJakarta :bPT. Gramedia,c2020 a100 a100 ICH b a978-602-06-3321-3 a0754716